| 000 | 01056nam a22003137a 4500 | ||
|---|---|---|---|
| 005 | 20140606165427.0 | ||
| 010 | _aENG-105848 | ||
| 020 |
_a9780198084976 _c795.00 |
||
| 020 |
_a0198084978 _c795.00 |
||
| 035 | _aEN-89381 | ||
| 035 | _aB-506661 | ||
| 035 | _aB-528938 | ||
| 037 | _bDBAD/PUB | ||
| 037 |
_bBSB/Ven _adpl |
||
| 037 |
_bMallika Books/Ven _adpl |
||
| 082 | _a220 | ||
| 082 | _a301.153 | ||
| 100 | _aJordens, J.T.F | ||
| 245 |
_aGandhi's religion : _ba homespun shawl / _cby J.T.F. Jordens |
||
| 260 |
_aNew Delhi _bOxford University Press _c2012 |
||
| 270 |
_aYMCA Library Building, 1 Jai Singh Road _bNew Delhi _e110001 |
||
| 300 |
_axxiii,310p. _c23cm(Hb) |
||
| 500 | _aIncludes index | ||
| 600 |
_aGandhi, Mahatma, _d1869-1948 _x Religion. |
||
| 650 | _aHinduism. | ||
| 942 |
_2ddc _cEN _h301.153 _mJOR |
||
| 999 |
_c69900 _d69900 |
||